Súvislosti svetovej finančnej a hospodárskej krízy a možnosti reforiem v procese reálnej konvergencie

Všeobecné východiská konvergencie v nových členských krajinách Európskej únie. Niektoré z faktorov, ktoré významne ovplyvňujú dynamiku reálnej konvergencie (konvergencie cenovej hladiny): tempo približovania príjmov, rast domáceho dopytu prevyšujúci rast HDP, kurzový režim. Aktuálny stav reálnej kon...

Ausführliche Beschreibung

Gespeichert in:
Bibliographische Detailangaben
1. Verfasser: Kopkáš, Peter
Format: Buchkapitel
Sprache:Slowakisch
Schlagworte:
Tags: Tag hinzufügen
Keine Tags, Fügen Sie das erste Tag hinzu!

MARC

LEADER 00000nla$a2200000$$$4500
001 0125913
005 20240502072433.1
041 0 |a slo 
044 |a SK 
245 1 0 |a Súvislosti svetovej finančnej a hospodárskej krízy a možnosti reforiem v procese reálnej konvergencie  |c Peter Kopkáš 
520 |a Všeobecné východiská konvergencie v nových členských krajinách Európskej únie. Niektoré z faktorov, ktoré významne ovplyvňujú dynamiku reálnej konvergencie (konvergencie cenovej hladiny): tempo približovania príjmov, rast domáceho dopytu prevyšujúci rast HDP, kurzový režim. Aktuálny stav reálnej konvergencie slovenskej ekonomiky. Výhľad výkonnosti, cenovej hladiny a otvorenosti ekonomiky SR. Reformy potrebné pre podporu slovenskej ekonomiky. 
610 2 0 |a konvergencia 
610 2 0 |a rast hospodársky 
610 2 0 |a reformy 
610 2 0 |a ceny 
610 2 0 |a hladina cenová 
610 2 0 |a výkonnosť ekonomiky 
610 2 0 |a kríza finančná 
610 2 0 |a kríza hospodárska 
610 2 0 |a Slovensko 
100 1 |a Kopkáš, Peter